[Event "Under 1300 knightworm78 Invitational #11"]
[Site "SchemingMind.com"]
[Date "2020.07.30"]
[Round "-"]
[White "Bacon"]
[Black "im_cincinnati_kid37"]
[Result "1-0"]
[WhiteCountry "BER"]
[BlackCountry "USA"]
[WhiteElo "1011"]
[WhiteRD "74"]
[BlackElo "1135"]
[BlackRD "68"]
[GameID "458298"]

1. d4 d5 2. Nc3 Nf6 3. Bg5 Nbd7 4. Bxf6 Nxf6 5. e3 e6 6. Bb5+ Bd7 7. Qd3 Qe7 8. Bxd7+ Nxd7 9. Nf3 g6 10. O-O Bg7
11. Nb5 O-O 12. Nxc7 Rac8 13. Nb5 a6 14. Nc3 Rfe8 15. a4 f6 16. Rab1 Rc7 17. b4 Rec8 18. b5 axb5 19. Qxb5 Rb8 20. a5 Nf8
21. a6 b6 22. Na4 Qd8 23. Nxb6 Ra7 24. Qa5 Nd7 25. Rb5 Nxb6 26. Rfb1 h6 27. Rxb6 Rxb6 28. Qxb6 Qxb6 29. Rxb6 e5 30. Nd2 e4
31. c4 dxc4 32. Nxc4 f5 33. d5 Kf7 34. d6 g5 35. d7 Rxd7 36. Rb7 Ke6 37. Nb6 Be5 38. Nxd7
1-0

[Event "Under 1300 knightworm78 Invitational #11"]
[Site "SchemingMind.com"]
[Date "2020.07.30"]
[Round "-"]
[White "Martin E. Hardwick"]
[Black "im_cincinnati_kid37"]
[Result "0-1"]
[WhiteCountry "ENG"]
[BlackCountry "USA"]
[WhiteElo "1223"]
[WhiteRD "76"]
[BlackElo "1116"]
[BlackRD "67"]
[GameID "458299"]

1. d4 d5 2. Nf3 e6 3. a3 Be7 4. e3 Nf6 5. Nc3 c6 6. Bd3 Nbd7 7. O-O O-O 8. Re1 Bd6 9. e4 a6 10. e5 Be7
11. exf6 Nxf6 12. Be3 Bd6 13. Qd2 Be7 14. Bg5 Bd7 15. Ne5 Bc8 16. Bxf6 Bxf6 17. Qe2 Qb6 18. Qh5 g6 19. Bxg6 fxg6 20. Nxg6 hxg6
21. Qxg6+ Bg7 22. Re3 Qxb2 23. Rb1 Qxa3 24. Rg3 Qe7 25. Rh3 Rf6 26. Qh7+ Kf8 27. Rg3 Rf7 28. Rxg7 Rxg7 29. Qh8+ Rg8 30. Qh6+ Qg7
31. Qf4+ Qf7 32. Qh6+ Qg7 33. Qf4+ Qf7 34. Qh6+ Qg7 35. Qf4+ Ke8 36. g3 Qf7 37. Qxf7+ Kxf7 38. Ne2 a5 39. Nc3 a4 40. Ra1 a3
41. Kg2 b5 42. Ne2 b4 43. h4 Kf6 44. Kh3 e5+ 45. Kg2 exd4 46. Nxd4 c5 47. Nc6 Bb7 48. Nd4 cxd4
0-1

[Event "Under 1300 knightworm78 Invitational #11"]
[Site "SchemingMind.com"]
[Date "2020.07.30"]
[Round "-"]
[White "im_cincinnati_kid37"]
[Black "Arthur Wilding"]
[Result "0-1"]
[WhiteCountry "USA"]
[BlackCountry "WLS"]
[WhiteElo "1135"]
[WhiteRD "68"]
[BlackElo "1176"]
[BlackRD "66"]
[GameID "458300"]

1. e4 e5 2. Nf3 d6 3. d4 exd4 4. Bg5 f6 5. Bh4 Bg4 6. Be2 Bxf3 7. Bxf3 Nc6 8. Nd2 Nge7 9. O-O Ng6 10. Bg3 Be7
11. h3 O-O 12. a3 Nce5 13. Bxe5 fxe5 14. a4 b6 15. b3 Nf4 16. g3 Nxh3+ 17. Kg2 Ng5 18. Bg4 c5 19. Nc4 g6 20. Re1 Qd7
21. Nd2 Qc7 22. Rc1 a6 23. Rb1 a5 24. Nc4 Qc6 25. Nd2 Kh8 26. Nc4 Nxe4 27. f3 Nf6 28. Qd3 Nxg4 29. Rf1 Nf6 30. Qe2 Kg7
31. Nd2 Rh8 32. Rbe1 h5 33. Qd3 Rhb8 34. Ra1 Rh8 35. Rh1 Rh7 36. Kf2 Rf8 37. Rh2 Nd7 38. Rah1 Nf6 39. Ne4 Nxe4+ 40. Qxe4 Qxe4
0-1

[Event "Under 1300 knightworm78 Invitational #11"]
[Site "SchemingMind.com"]
[Date "2020.07.31"]
[Round "-"]
[White "James Reed"]
[Black "im_cincinnati_kid37"]
[Result "1-0"]
[WhiteCountry "ENG"]
[BlackCountry "USA"]
[WhiteElo "1351"]
[WhiteRD "76"]
[BlackElo "1116"]
[BlackRD "67"]
[GameID "458301"]

1. e4 e5 2. Nf3 Nc6 3. Nc3 Nf6 4. a3 g6 5. h3 Bg7 6. Bc4 d6 7. d3 a6 8. O-O h6 9. Be3 Bd7 10. Nd5 Nxd5
11. Bxd5 f6 12. Re1 Qe7 13. Nh4 g5 14. Ng6 Qd8 15. Nxh8 Bxh8 16. c3 Qe7 17. Qb3 b5 18. c4 Qd8 19. cxb5 Rb8 20. Bg8 Qe7
21. Qc4 axb5 22. Qb3 Qg7 23. a4 Ke7 24. Bd5 Qf8 25. axb5 Nd8 26. Rec1 Rxb5 27. Qc3 Bg7 28. Bc4 Rb8 29. d4 Nc6 30. d5 Nd8
31. Bd2 Nf7 32. b3 Qd8 33. b4 Qe8 34. Be3 Rc8 35. b5 h5 36. Qb3 h4 37. Be2 Nh8 38. b6 cxb6 39. Qxb6 Rxc1+ 40. Rxc1 Nf7
41. Bh5 Bh6 42. Bxf7 Qxf7 43. Rc7 Qe8 44. Bd2 Bf8 45. Bb4 Kf7 46. Bxd6 Bxd6 47. Qxd6 Qe7 48. Rxd7
1-0

[Event "Under 1300 knightworm78 Invitational #11"]
[Site "SchemingMind.com"]
[Date "2020.07.30"]
[Round "-"]
[White "im_cincinnati_kid37"]
[Black "Chessibelle"]
[Result "1-0"]
[WhiteCountry "USA"]
[BlackCountry "ENG"]
[WhiteElo "1135"]
[WhiteRD "68"]
[BlackElo "1074"]
[BlackRD "53"]
[GameID "458302"]

1. e4 e5 2. Nf3 Nc6 3. Bb5 Nge7 4. d3 g6 5. Bd2 Bg7 6. Bc3 O-O 7. O-O d6 8. Nbd2 Bd7 9. a3 a6 10. Ba4 f6
11. Nc4 b5 12. Bb3 h5 13. Ne3+ Kh8 14. Bd2 f5 15. exf5 Nxf5 16. Nxf5 Bxf5 17. Re1 g5 18. Nxg5 Qf6 19. Nf3 Qg6 20. Bg5 Bg4
21. Be3 h4 22. h3 Bxh3 23. Kf1 Qxg2+ 24. Ke2 Qxf3+ 25. Kd2 Qf6 26. Rh1 Qf5 27. Bd5 Bg4 28. Qb1 Qd7 29. Rxh4+ Bh6 30. Rxh6+ Kg7
31. Qg1 Qf5 32. f3 Rf6 33. fxg4 Qd7 34. Rxf6 Kxf6 35. Rf1+ Kg7 36. Qh1 Rh8 37. Qg2 Ne7 38. Bf7 Rf8 39. Bh5 c5 40. Rh1 Qe6
41. g5 c4 42. Bg4 Nf5 43. Rh6 Kf7 44. Rxe6 Kxe6 45. Qh3 d5 46. Qh6+ Ke7 47. Bxf5 Rxf5 48. Qg7+ Ke6 49. Qg6+ Rf6 50. Qxf6+ Kd7
51. g6 e4 52. g7
1-0

[Event "Under 1300 knightworm78 Invitational #11"]
[Site "SchemingMind.com"]
[Date "2020.07.30"]
[Round "-"]
[White "Martin E. Hardwick"]
[Black "Bacon"]
[Result "1-0"]
[WhiteCountry "ENG"]
[BlackCountry "BER"]
[WhiteElo "1226"]
[WhiteRD "78"]
[BlackElo "980"]
[BlackRD "81"]
[GameID "458303"]

1. d4 d5 2. Nf3 Bg4 3. e3 e6 4. a3 Bxf3 5. Qxf3 Nh6 6. Bb5+ c6 7. Be2 Nd7 8. O-O a5 9. Rd1 Nf5 10. Nc3 g6
11. e4 Nxd4 12. Qd3 Nxe2+ 13. Qxe2 dxe4 14. Qxe4 Bg7 15. Rb1 O-O 16. Na4 f5 17. Qxe6+ Rf7 18. Rxd7 Qxd7 19. Qxd7 Rxd7 20. Bg5 Rd2
21. Bxd2 b5 22. Nc5 Bd4 23. Ne6 a4 24. Nxd4 Rc8 25. Bg5 Kg7 26. Re1 h6 27. Re7+ Kg8 28. Bf6 Rf8 29. Rg7+ Kh8 30. Rf7+ Kg8
31. Rxf8+ Kxf8 32. Nxc6 Kf7 33. Bc3 g5 34. Nd4 Kg6 35. Nxb5 h5 36. Nd4 g4 37. Bd2 h4 38. c4 Kf6 39. b3 Ke7 40. bxa4 Kd6
41. Bb4+ Kc7 42. Nxf5 h3 43. gxh3 gxh3 44. f4 Kb6 45. Nd4 Ka6 46. f5 Kb7 47. f6 Kc7 48. f7 Kd7 49. f8=Q Kc7 50. Ba5+ Kb7
51. c5 Ka7 52. Nb5+ Kb7 53. Qe7+ Kc6 54. Qd6+ Kb7 55. Qc7+ Ka6 56. Qa7#
1-0

[Event "Under 1300 knightworm78 Invitational #11"]
[Site "SchemingMind.com"]
[Date "2020.07.30"]
[Round "-"]
[White "Arthur Wilding"]
[Black "Martin E. Hardwick"]
[Result "0-1"]
[WhiteCountry "WLS"]
[BlackCountry "ENG"]
[WhiteElo "1167"]
[WhiteRD "69"]
[BlackElo "1223"]
[BlackRD "76"]
[GameID "458304"]

1. d4 d5 2. e3 Nf6 3. Nc3 e6 4. Nf3 Bb4 5. Bd2 a6 6. Ne2 Bxd2+ 7. Nxd2 Ne4 8. Nxe4 dxe4 9. Nc3 Nd7 10. Be2 Nf6
11. O-O O-O 12. f3 b6 13. fxe4 Bb7 14. e5 Ne4 15. Nxe4 Bxe4 16. Rf4 Bf5 17. Bd3 Bxd3 18. Qxd3 Qg5 19. g3 f5 20. a4 h5
21. Qc4 h4 22. Kg2 hxg3 23. h3 Rfe8 24. Qxc7 Rab8 25. Qa7 Ra8 26. Qxb6 Rab8 27. Qxa6 Rxb2 28. Qe2 Rc8 29. Rc1 Ra2 30. Qd3 Rxa4
31. Qb5 Rac4 32. Qb6 Rxc2+ 33. Rxc2 Rxc2+ 34. Kf3 Rf2#
0-1

[Event "Under 1300 knightworm78 Invitational #11"]
[Site "SchemingMind.com"]
[Date "2020.07.30"]
[Round "-"]
[White "Bacon"]
[Black "Arthur Wilding"]
[Result "0-1"]
[WhiteCountry "BER"]
[BlackCountry "WLS"]
[WhiteElo "1011"]
[WhiteRD "74"]
[BlackElo "1176"]
[BlackRD "66"]
[GameID "458305"]

1. e4 e5 2. Nf3 d6 3. Bb5+ Bd7 4. Bxd7+ Nxd7 5. O-O Ngf6 6. d3 Be7 7. Bg5 O-O 8. Bxf6 Bxf6 9. c4 h6 10. h3 c5
11. Nc3 b6 12. Nd5 Nb8 13. Qa4 a5 14. Qc6 Nxc6 15. Nxf6+ gxf6 16. a4 Nd4 17. Nxd4 exd4 18. b3 Qe7 19. Rae1 Kg7 20. f3 Qe5
21. f4 Qe8 22. f5 Rh8 23. g4 Rd8 24. h4 Qe5 25. h5 Qg3+ 26. Kh1 Qxd3 27. Rb1 Qxe4+ 28. Kg1 Qxg4+ 29. Kf2 Qxf5+ 30. Kg1 Qxh5
31. Kg2 Rde8 32. Rbe1 Rxe1 33. Rxe1 Rg8 34. Kf2 Kh7 35. Kf1 Rg3 36. Kf2 Qh2+ 37. Kf1 Rg1#
0-1

[Event "Under 1300 knightworm78 Invitational #11"]
[Site "SchemingMind.com"]
[Date "2020.07.30"]
[Round "-"]
[White "im_cincinnati_kid37"]
[Black "malcolm chugg"]
[Result "1-0"]
[WhiteCountry "USA"]
[BlackCountry "WLS"]
[WhiteElo "1135"]
[WhiteRD "68"]
[BlackElo "1213"]
[BlackRD "50"]
[GameID "458306"]

1. e4 e6 2. d4 d6 3. Nf3 Be7 4. Nc3 Bh4 5. g3 Be7 6. d5 e5 7. Bb5+ Bd7 8. Qe2 a6 9. Bxd7+ Nxd7 10. Be3 Bf6
11. h4 Qb8 12. O-O Ne7 13. Rad1 O-O 14. b3 b5 15. Kg2 Nb6 16. Rh1 Qc8 17. a3 c5 18. dxc6 Nxc6 19. Bxb6 Rb8 20. Be3 Rd8
21. Nd5 Qe6 22. Nxf6+ Qxf6 23. Bg5 Qe6 24. Bxd8 Rxd8 25. Ng5 Qe7 26. Qf3 f6 27. Nh3 b4 28. axb4 Nxb4 29. Ng1 Nxc2 30. Ne2 g6
31. Qc3 Nd4 32. Nxd4 exd4 33. Rxd4 Qe5 34. Re1 f5 35. exf5 Qxf5 36. Rde4 Qf7 37. Re7 Qf8 38. R1e4 d5 39. R4e5 d4 40. Qd3 a5
41. h5 Qh6 42. Re8+ Rxe8 43. Rxe8+ Kf7 44. Re2 Qxh5 45. Re4 Qd5 46. Qf3+
1-0

[Event "Under 1300 knightworm78 Invitational #11"]
[Site "SchemingMind.com"]
[Date "2020.07.30"]
[Round "-"]
[White "malcolm chugg"]
[Black "Bacon"]
[Result "0-1"]
[WhiteCountry "WLS"]
[BlackCountry "BER"]
[WhiteElo "1213"]
[WhiteRD "50"]
[BlackElo "1011"]
[BlackRD "74"]
[GameID "458307"]

1. e3 Nc6 2. d4 Nf6 3. Nf3 d5 4. Be2 Ne4 5. O-O Bg4 6. h3 Bxf3 7. Bxf3 Nb4 8. c3 Nc6 9. Bxe4 dxe4 10. f4 g6
11. f5 g5 12. Qh5 e5 13. Rd1 Qf6 14. Rf1 Qh6 15. Qg4 Rg8 16. Qxe4 Bd6 17. d5 Ne7 18. f6 Qg6 19. Qc4 Nf5 20. Qb3 Qxf6
21. Qxb7 Kd7 22. Qb5+ Ke7 23. e4 a6 24. Qc6 g4 25. exf5 gxh3 26. Kh2 a5 27. c4 Qh4 28. Nd2 hxg2+ 29. Kg1 Qh1+ 30. Kf2 g1=Q+
31. Ke1 Qe3+ 32. Kd1 Rg1 33. Rxg1 Qhxg1+ 34. Kc2 a4 35. Qxa8 Qg2 36. Qxa4 Qge2 37. Qb3 Qxb3+ 38. axb3 e4 39. Kb1 Qd3+ 40. Ka2 Bf4
41. Nf1 Qxf1 42. Bxf4 Qxf4 43. Ka3 Qxf5 44. b4 e3 45. Ka4 Qe5 46. Rb1 e2 47. Re1 Qe3 48. b5 Qd2 49. Rxe2+ Qxe2 50. b3 Kd6
51. Kb4 h5 52. Ka5 h4 53. b4 h3 54. b6 cxb6+ 55. Kxb6 h2
0-1

[Event "Under 1300 knightworm78 Invitational #11"]
[Site "SchemingMind.com"]
[Date "2020.07.30"]
[Round "-"]
[White "malcolm chugg"]
[Black "Martin E. Hardwick"]
[Result "1/2-1/2"]
[WhiteCountry "WLS"]
[BlackCountry "ENG"]
[WhiteElo "1195"]
[WhiteRD "51"]
[BlackElo "1223"]
[BlackRD "76"]
[GameID "458308"]

1. e3 e5 2. Bc4 Nf6 3. g4 d5 4. Bb3 Bxg4 5. f3 Bd7 6. f4 exf4 7. exf4 Be7 8. Ne2 Bg4 9. h3 Bxe2 10. Qxe2 O-O
11. d3 Nc6 12. Bd2 Re8 13. Qf3 Bb4+ 14. Kd1 Nd4 15. Qf2 Bxd2 16. Nxd2 Nxb3 17. Nxb3 b6 18. Re1 Rxe1+ 19. Qxe1 Qe8 20. Qc3 Rd8
21. Qd4 Qe7 22. a3 Re8 23. Qg1 Qe2+ 24. Kc1 Qe1+ 25. Qxe1 Rxe1+ 26. Kd2 Rxa1=
1/2-1/2

[Event "Under 1300 knightworm78 Invitational #11"]
[Site "SchemingMind.com"]
[Date "2020.07.30"]
[Round "-"]
[White "Arthur Wilding"]
[Black "malcolm chugg"]
[Result "1/2-1/2"]
[WhiteCountry "WLS"]
[BlackCountry "WLS"]
[WhiteElo "1176"]
[WhiteRD "66"]
[BlackElo "1213"]
[BlackRD "50"]
[GameID "458309"]

1. d4 d5 2. e3 Nf6 3. Nc3 Nc6 4. Bb5 Qd6 5. Nf3 a6 6. Bxc6+ bxc6 7. O-O Ne4 8. Nxe4 dxe4 9. Nd2 Bf5 10. b3 e5
11. Bb2 f6 12. dxe5 fxe5 13. Nc4 Qe6 14. a4 Qg6 15. g3 Bc5 16. c3 Bd6 17. Nxd6+ cxd6 18. c4 c5 19. Re1 O-O 20. Qc2 h5
21. Red1 Bg4 22. Rd2 Rf3 23. a5 Raf8 24. Ra4 Qh7 25. Re2 Bd7 26. Ra3 Bf5 27. Rd2 Rd8 28. Ra1 Kf8 29. Rdd1 g5 30. Qe2 g4
31. Bxe5 Qc7 32. Bc3 Be6 33. Kh1 Qb7 34. Rab1 Qb8 35. Bf6 Rxf6 36. Qc2 Bf5 37. Rd5 Qc8 38. b4 Rh6 39. bxc5 dxc5 40. Rxd8+ Qxd8
41. Qb3 Ke8 42. Qb8 Rd6 43. Qxd8+ Rxd8 44. Rb6 Ra8 45. Rc6 Bd7 46. Rh6 Ke7 47. Rxh5 Kd6 48. Rh6+ Be6 49. Kg1 Kd7 50. Rh7+ Kd6=
1/2-1/2

[Event "Under 1300 knightworm78 Invitational #11"]
[Site "SchemingMind.com"]
[Date "2020.07.30"]
[Round "-"]
[White "Chessibelle"]
[Black "malcolm chugg"]
[Result "0-1"]
[WhiteCountry "ENG"]
[BlackCountry "WLS"]
[WhiteElo "1074"]
[WhiteRD "53"]
[BlackElo "1213"]
[BlackRD "50"]
[GameID "458311"]

1. e4 d5 2. Bd3 d4 3. Nf3 Bg4 4. Be2 e6 5. O-O Nc6 6. d3 Be7 7. b3 Nf6 8. Nbd2 b5 9. Bb2 Bxf3 10. Bxf3 O-O
11. c3 e5 12. a3 Re8 13. b4 Qc8 14. h3 a5 15. g4 g5 16. Qe1 h6 17. Bg2 a4 18. f3 Qe6 19. Qg3 h5 20. Qe1 h4
21. Qe2 Red8 22. Rf2 Rd7 23. c4 bxc4 24. dxc4 Rad8 25. b5 Na5 26. Nb1 Nb3 27. Ra2 Nc1 28. Bxc1 d3 29. Qe3 Qb6 30. Qxg5+ Kh8
31. Qxh4+ Nh7 32. g5 Kg8 33. Nd2 Bc5 34. Nf1 Bxf2+ 35. Qxf2 Qxf2+ 36. Kxf2 Nxg5 37. h4 Nh7 38. Ng3 d2
0-1

[Event "Under 1300 knightworm78 Invitational #11"]
[Site "SchemingMind.com"]
[Date "2020.07.31"]
[Round "-"]
[White "James Reed"]
[Black "Bacon"]
[Result "1-0"]
[WhiteCountry "ENG"]
[BlackCountry "BER"]
[WhiteElo "1351"]
[WhiteRD "76"]
[BlackElo "999"]
[BlackRD "79"]
[GameID "458312"]

1. e4 Nf6 2. e5 Ne4 3. d3 Nxf2 4. Kxf2 Nc6 5. Nf3 d5 6. Be2 Bg4 7. a3 e6 8. Re1 Bxf3 9. Bxf3 Bc5+ 10. Be3 Bxe3+
11. Rxe3 O-O 12. d4 Qh4+ 13. Ke2 Qxh2 14. Nc3 Ne7 15. Qh1 Qf4 16. Rf1 Nf5 17. Qg1 Nxe3 18. Qxe3 Qxe3+ 19. Kxe3 g6 20. Nb5 c6
21. Nc3 b5 22. Be2 a5 23. a4 b4 24. Na2 Rac8 25. c3 c5 26. cxb4 cxb4 27. Nxb4 axb4 28. Bd3 Kg7 29. Ba6 Rc2 30. Rf2 Rxf2
31. Kxf2 Ra8 32. Bb5 f5 33. Bd7 h5 34. b3 Kf7 35. Kf3 g5 36. g3 h4 37. gxh4 gxh4 38. Kg2 Rh8 39. a5 Kg6 40. Bxe6 Kg5
41. a6 Kg4 42. Bxd5 h3+ 43. Kh2 f4 44. a7 f3 45. a8=Q Rxa8 46. Bxa8 f2 47. Bg2 hxg2 48. Kxg2 Kf5 49. Kxf2 Ke6 50. Ke3 Kd5
51. Kd3 Ke6 52. Kc4 Ke7 53. Kxb4 Ke6 54. Kc5 Kd7 55. b4 Ke6 56. b5 Kd7 57. b6 Kc8 58. Kc6 Kb8 59. e6 Kc8 60. e7
1-0

[Event "Under 1300 knightworm78 Invitational #11"]
[Site "SchemingMind.com"]
[Date "2020.07.31"]
[Round "-"]
[White "James Reed"]
[Black "Martin E. Hardwick"]
[Result "1-0"]
[WhiteCountry "ENG"]
[BlackCountry "ENG"]
[WhiteElo "1414"]
[WhiteRD "76"]
[BlackElo "1226"]
[BlackRD "78"]
[GameID "458313"]

1. e4 e5 2. Nf3 Nc6 3. Nc3 d6 4. h3 Nf6 5. a3 Be7 6. Bb5 Bd7 7. d3 h6 8. Be3 O-O 9. O-O a6 10. Bc4 Be6
11. Re1 Bxc4 12. dxc4 Rb8 13. Nd5 Nxd5 14. cxd5 Nd4 15. Nxd4 exd4 16. Bxd4 Bf6 17. Bxf6 Qxf6 18. c3 Rfe8 19. Qd2 Re5 20. f3 Rh5
21. Qf2 Rd8 22. Qg3 Qe5 23. Qxe5 Rxe5 24. g3 Rde8 25. Kg2 f5 26. b3 fxe4 27. fxe4 Rxe4 28. Rxe4 Rxe4 29. c4 c6 30. Rd1 c5
31. Kf3 Re7 32. g4 b5 33. cxb5 axb5 34. a4 bxa4 35. bxa4 Ra7 36. Ra1 c4 37. Ke2 Kf7 38. Kd2 Kg6 39. Kc3 Rc7 40. a5 Kg5
41. a6 Ra7 42. Kxc4 Kf6 43. Kb5 Ke5 44. Kb6 Re7 45. Re1+ Kf6 46. Rxe7 Kxe7 47. a7 Kf6 48. a8=Q Ke5 49. Qc6 g5 50. Kc7 h5
51. gxh5 Kf4 52. h6 Kg3 53. h7 Kxh3 54. h8=Q+ Kg4 55. Qcc3 Kf4 56. Qhd4+ Kf5 57. Qc2#
1-0

[Event "Under 1300 knightworm78 Invitational #11"]
[Site "SchemingMind.com"]
[Date "2020.07.31"]
[Round "-"]
[White "Arthur Wilding"]
[Black "James Reed"]
[Result "0-1"]
[WhiteCountry "WLS"]
[BlackCountry "ENG"]
[WhiteElo "1176"]
[WhiteRD "66"]
[BlackElo "1372"]
[BlackRD "74"]
[GameID "458314"]

1. d4 d5 2. e3 Nc6 3. Bb5 a6 4. Bxc6+ bxc6 5. Nc3 Nf6 6. Nf3 h6 7. O-O Bg4 8. h3 Bh5 9. a4 e6 10. b3 Ne4
11. Nxe4 dxe4 12. g4 Bg6 13. Nd2 Be7 14. Bb2 O-O 15. Qe2 Bg5 16. Bc3 Re8 17. f4 Be7 18. Rfb1 c5 19. Rd1 a5 20. dxc5 Bxc5
21. Nf1 Rb8 22. Bxa5 Qd7 23. Nd2 Ra8 24. Nc4 Bd6 25. Be1 e5 26. Nxd6 cxd6 27. f5 Bh7 28. Rd2 f6 29. a5 Kh8 30. Ra3 Rec8
31. Rd1 Bg8 32. Rda1 Bd5 33. a6 Rc6 34. Qb5 Kh7 35. Rb1 Ra7 36. c4 Bf7 37. Qb4 Raxa6 38. Rxa6 Rxa6 39. Bc3 d5 40. cxd5 Bxd5
41. Ra1 Rxa1+ 42. Kg2 Qa7 43. Bxa1 Qxa1 44. Qd6 Bxb3 45. Qd8 Qc3 46. Kf2 Qc2+ 47. Ke1 Qc1+ 48. Kf2 Qh1 49. Qe8 Qf3+ 50. Kg1 Qxe3+
51. Kh2 Qf2+ 52. Kh1 e3 53. Qg6+ Kh8 54. Qe8+ Bg8 55. Qb8 e2 56. Qb1 Bd5+ 57. Qe4 Bxe4#
0-1

[Event "Under 1300 knightworm78 Invitational #11"]
[Site "SchemingMind.com"]
[Date "2020.07.31"]
[Round "-"]
[White "Chessibelle"]
[Black "James Reed"]
[Result "0-1"]
[WhiteCountry "ENG"]
[BlackCountry "ENG"]
[WhiteElo "1074"]
[WhiteRD "53"]
[BlackElo "1372"]
[BlackRD "74"]
[GameID "458315"]

1. e4 c5 2. Nc3 Nc6 3. b3 Nf6 4. Nf3 a6 5. Be2 e5 6. O-O h6 7. d3 d6 8. Qd2 Be7 9. Re1 Nd4 10. Bd1 Be6
11. a3 O-O 12. Qe3 Ng4 13. Qd2 b6 14. Nxd4 exd4 15. Nd5 Bxd5 16. exd5 Ne5 17. g3 Re8 18. Be2 Qd7 19. c3 Bg5 20. f4 Bf6
21. Bd1 Ng6 22. Bb2 Re7 23. Bf3 b5 24. c4 Rxe1+ 25. Rxe1 Re8 26. Kg2 Rxe1 27. Qxe1 Kh7 28. h3 Bd8 29. b4 Bf6 30. Bg4 Qe7
31. Qd1 Qe8 32. h4 Ne7 33. Qe2 Qf8 34. Bh3 Nc8 35. Bc1 Nb6 36. Bf5+ g6 37. Bh3 Qe7 38. Qd2 Na4 39. f5 Nc3 40. Qxh6+ Kg8
41. Qd2 Qe2+ 42. Qxe2 Nxe2
0-1

[Event "Under 1300 knightworm78 Invitational #11"]
[Site "SchemingMind.com"]
[Date "2020.07.30"]
[Round "-"]
[White "Bacon"]
[Black "Chessibelle"]
[Result "0-1"]
[WhiteCountry "BER"]
[BlackCountry "ENG"]
[WhiteElo "1011"]
[WhiteRD "74"]
[BlackElo "1074"]
[BlackRD "53"]
[GameID "458316"]

1. e4 e5 2. Nf3 Nc6 3. Bb5 Nge7 4. O-O d6 5. Ng5 h6 6. Bc4 d5 7. exd5 Nxd5 8. Bxd5 Qxd5 9. Qh5 g6 10. Qg4 Bxg4
11. h3 Bd7 12. Nf3 Bd6 13. Re1 Bf5 14. d4 e4 15. g4 Be6 16. Nfd2 Qxd4 17. Nxe4 Be7 18. c3 Qe5 19. f3 O-O-O 20. Na3 f5
21. gxf5 Qxf5 22. Kg2 Qxh3+ 23. Kf2 Bh4+ 24. Ke3 Rhf8 25. Re2 Qxf3#
0-1

[Event "Under 1300 knightworm78 Invitational #11"]
[Site "SchemingMind.com"]
[Date "2020.07.30"]
[Round "-"]
[White "Martin E. Hardwick"]
[Black "Chessibelle"]
[Result "1-0"]
[WhiteCountry "ENG"]
[BlackCountry "ENG"]
[WhiteElo "1212"]
[WhiteRD "76"]
[BlackElo "1074"]
[BlackRD "53"]
[GameID "458317"]

1. d4 d5 2. Nf3 Nf6 3. Nc3 Nc6 4. e3 Bd7 5. h3 e6 6. a3 Be7 7. Be2 g6 8. O-O O-O 9. Re1 b6 10. Bd3 Bd6
11. e4 Nh5 12. e5 Be7 13. Be3 f6 14. g4= Ng7 15. Bh6 Rf7 16. Qd2 fxe5 17. Nxe5 Nxe5 18. Rxe5 Bd6 19. Rg5 Qf6 20. Bxg6 hxg6
21. Bxg7 Kxg7 22. h4 Bf4 23. Rxg6+ Qxg6 24. Qe2 Qh7 25. h5 Qh6 26. f3 Qg5 27. Qf2 Qe7 28. Ne2 Qb4 29. axb4
1-0

[Event "Under 1300 knightworm78 Invitational #11"]
[Site "SchemingMind.com"]
[Date "2020.07.30"]
[Round "-"]
[White "Chessibelle"]
[Black "Arthur Wilding"]
[Result "1-0"]
[WhiteCountry "ENG"]
[BlackCountry "WLS"]
[WhiteElo "1074"]
[WhiteRD "53"]
[BlackElo "1176"]
[BlackRD "66"]
[GameID "458318"]

1. e4 e5 2. Nf3 d6 3. Nc3 Bg4 4. Be2 Nc6 5. a3 Bxf3 6. Bxf3 Nf6 7. O-O Be7 8. d3 O-O 9. Ne2 b6 10. c4 Qd7
11. Re1 Rfb8 12. Ng3 Nd4 13. b3 Nxf3+ 14. Qxf3 a5 15. Nf5 c5 16. Qg3 g6 17. Qh4 a4 18. Qh6 gxf5 19. Bg5 axb3 20. Qh4 Qd8
21. exf5 Ra7 22. Qg3 Kh8 23. f4 Ng8 24. Bxe7 Nxe7 25. f6 Nf5 26. Qg5 Rba8 27. Qxf5 exf4 28. Qxf4 Qg8 29. g3 Qf8 30. Re2 h6
31. h4 Rxa3 32. Rf1 Ra2 33. Ref2 Rxf2 34. Rxf2 Ra2 35. g4 Rxf2 36. Qxf2 Qa8 37. Kf1 Qa1+ 38. Kg2 b2 39. Qd2 b1=Q 40. Kf3 Qf1+
41. Ke4 Qf2 42. Qxh6+ Kg8 43. Qg7#
1-0